|
|
|
|
| LEADER |
00000nam0a2200000 4500 |
| 001 |
323221 |
| 005 |
20231102003541.0 |
| 035 |
|
|
|a (RuTPU)RU\TPU\book\348779
|
| 090 |
|
|
|a 323221
|
| 100 |
|
|
|a 20161012d1898 m y0rusy50 ca
|
| 101 |
0 |
|
|a rus
|
| 102 |
|
|
|a RU
|
| 105 |
|
|
|a y z 000zy
|
| 200 |
1 |
|
|a Экономический быт и правовые отношения старожилов и новоселов на Алтае
|e исследование на месте
|f П. Сущинский
|
| 210 |
|
|
|a Санкт-Петербург
|c Типография А. Пороховщикова
|d 1898
|
| 215 |
|
|
|a 39 с.
|
| 300 |
|
|
|a В пользу проектируемой Обществом для вспомоществования нуждающимся переселенцам школы имени Н. М. Ядринцева
|
| 300 |
|
|
|a Текст в русской дореформенной орфографии
|
| 316 |
|
|
|5 63413507: М-132183
|a Страницы книжного блока не разрезаны
|
| 317 |
|
|
|5 63413507: М-132183
|a Поступила в НТБ в 1970 г. в составе книжного собрания профессора ТПИ И. Н. Бутакова
|
| 606 |
1 |
|
|a Сибирь
|x История
|2 stltpush
|3 (RuTPU)RU\TPU\subj\67153
|9 83036
|
| 610 |
1 |
|
|a переселенцы
|
| 610 |
1 |
|
|a правовые отношения
|
| 610 |
1 |
|
|a быт
|
| 610 |
1 |
|
|a 19 век
|
| 610 |
1 |
|
|a библиотека И. Н. Бутакова
|
| 686 |
|
|
|a Т3(253)
|v LBC/SL-A
|2 rubbk
|
| 700 |
|
1 |
|a Сущинский
|b П.
|
| 801 |
|
1 |
|a RU
|b 63413507
|c 20161012
|
| 801 |
|
2 |
|a RU
|b 63413507
|c 20190724
|g RCR
|
| 942 |
|
|
|c BK
|